| 000 | 00823nam a2200253Ia 4500 | ||
|---|---|---|---|
| 003 | OSt | ||
| 005 | 20221005113502.0 | ||
| 006 | a|||||r|||| 00| 0 | ||
| 007 | ta | ||
| 008 | 221004b |||||||| |||| 00| 0 pan d | ||
| 020 | _a8176470902 (hbk) | ||
| 024 | _a4802 | ||
| 037 |
_bGift, 27/06/2013, _cTextual |
||
| 040 |
_aCRL _cCRL _bpan |
||
| 041 |
_2pan _apan |
||
| 082 | _aO153,1M27,1:g, P4 | ||
| 100 | _aਗੁਰਦੇਵ ਸਿੰਘ | ||
| 245 | 0 | _aਸੋਹਣੀ - ਖ਼ਗ਼ਲ Fਾਹ | |
| 260 |
_aਲੁਧਿਆਣਾ _bਲਾਹੋਰ ਬੁੱਕ Fਾਪ ਭਾਰਤ _c2004 |
||
| 300 |
_a128ਪੰ _ccm. |
||
| 650 | _aਪੰਜਾਬੀ ਸਾਹਿਤ | ||
| 942 |
_hO153,1M27,1:g, P4 _cTEXL _2cc |
||
| 999 |
_c1028345 _d1028345 |
||